| 000 | 00916nam a2200241 4500 | ||
|---|---|---|---|
| 001 | 170619 | ||
| 003 | ES-MaACL | ||
| 005 | 20230906214422.0 | ||
| 007 | t| | ||
| 008 | 090324s1930 fr r ||||1| fre d | ||
| 080 | _a1 Platon | ||
| 100 | 0 |
_aPlatón. _992598 |
|
| 245 | 1 | 0 |
_aDialogues apocryphes / _cPlaton ; texte traduit par Joseph Souilhé. |
| 260 |
_aParis : _bLes Belles Lettres, _c1930. |
||
| 300 |
_a173 p., [1] h. ; _c20 cm. |
||
| 490 | 1 | _aCollection des Universités de France | |
| 490 | 1 |
_aOeuvres complètes ; _v13, 3e partie |
|
| 505 | 8 | _aContiene: T. XIII. 3e partie: Dialogues apocryphes : Du Juste ; De la Vertu ; Démodocos ; Sisyphe ; Eryxias ; Axiochos. | |
| 830 | 0 |
_aCollection des Universités de France _9180876 |
|
| 830 | 0 |
_aOeuvres complètes ; _v13, 3e partie _9185724 |
|
| 852 | 4 |
_aES-MaACL _jE-12527 _9R.140138 _z. - Biblioteca Jacinto Martínez Lacalle |
|
| 999 |
_c170619 _d170619 |
||